1755 1016 1654 1214 1726 1916 1476 1041 1589 1801 1763 1228 1512 1638 1861 1313 1476 1091 1429 1044 1918 1136 1113 1873 1380 1099 1209 1623 1842 1091 1695 1317 1734 1301 1714 1318 1306 1025 1633 1123 1571 1154 1551 1501 1038 1094 1997 1906 1820 1893 1553 1165 1665 1279 1088 1310 1625 1440 1241 1569 1533 1014 1076 1259 1126 1430 1362 1538 1786 1324 1219 1533 1098 1020 1914 1621 1254 1976 1555 1226 1386 1359 1251 1775 1714 1911 1734 1777 1416 1172 1387 1776 1428 1972 1986 1663 1855 1119 1920 BCNSPRNW ULIB Ver.6.0+V

เปลี่ยนเป็นภาษาไทย

Change to English
 แสดงรายละเอียดบรรณานุกรม
  กลับหน้าหลัก

Brief Record : Get Marc (ISO 2709) : E-mail record : QR code < ปิดหน้าต่าง
LEADER : 00000nam 2200000uu 4500
001    13399124884
003     ULIB
008    160424s2558||||th 000 0 tha d
020    ^a9786162796319
060 04 ^aWM100^bจ464
245 00 ^aจิตเวช ศิริราช DSM-5 /^cภาควิชาจิตเวชศาสตร์ คณะแพทยศาสตร์ศิริราชพยาบาล มหาวิทยาลัยมหิดล
260    ^aกรุงเทพฯ :^bมหาวิทยาลัยมหิดล,^c2558
300    ^a(20), 745 หน้า ;^c25 ซม.
650  2 ^aPsychiatry
650  4 ^aจิตเวชศาสตร์
653    ^aผลงานอาจารย์คณะแพทยศาสตร์ศิริราชพยาบาล
700 0  ^aนันทวัช สิทธิรักษ์,^eบรรณาธิการ
700 0  ^aกมลเนตร วรรณเสวก,^eบรรณาธิการ
700 0  ^aกมลพร วรรณฤทธิ์,^eบรรณาธิการ
700 0  ^aปเนต ผู้กฤตยาคามี,,^eบรรณาธิการ
700 0  ^aสุพร อภินันทเวช,^eบรรณาธิการ
700 0  ^aพนม เกตุมาน,^eบรรณาธิการ
710 2  ^aมหาวิทยาลัยมหิดล.^bคณะแพทยศาสตร์ศิริราชพยาบาล.^bภาควิชาจิตเวชศาสตร์
945    ^p450^l0^i23473
945    ^p450^l0^i23474
945    ^p450^l0^i23475
999    ^aทศพร เกษรทอง
รายการนี้ยังไม่มีแท็ก
คุณยังไม่ได้ล็อกอิน คุณสามารถมีกิจกรรมร่วมกับเว็บไซต์ได้ แต่ต้องล็อกอินก่อน ::
  ล็อกอิน

รายการสื่อสารสนเทศ

ลำดับที่ ประเภท เลขเรียก/บาร์โค้ด สถานที่ สถานะ
1. วิทยาศาสตร์การแพทย์ และสุขภาพ
วิทยาศาสตร์การแพทย์ และสุขภาพ
สถานะ=หนังสือเก่า
WM100 จ464 ฉ.1 
  Barcode: 23473
ห้องสมุดวิทยาเขตนครสวรรค์
►ส่วนจัดเก็บหนังสือเก่า นว.
บนชั้น
  ขอยืม
2. วิทยาศาสตร์การแพทย์ และสุขภาพ
วิทยาศาสตร์การแพทย์ และสุขภาพ
WM100 จ464 ฉ.2 
  Barcode: 23474
ห้องสมุดวิทยาเขตนครสวรรค์
►หนังสือทั่วไป:l:General Books
ถูกยืม กำหนดส่งวันที่ 20 เมษายน 2568
  จอง
3. วิทยาศาสตร์การแพทย์ และสุขภาพ
วิทยาศาสตร์การแพทย์ และสุขภาพ
สถานะ=หนังสือเก่า
WM100 จ464 ฉ.3 
  Barcode: 23475
ห้องสมุดวิทยาเขตนครสวรรค์
►ส่วนจัดเก็บหนังสือเก่า นว.
บนชั้น
  ขอยืม

รายการใกล้เคียง
    หัวเรื่อง [Psychiatry]
    หัวเรื่อง [จิตเวชศาสตร์]

BibComment


ยังไม่เคยถูกคอมเมนท์

คอมเมนท์ทรัพยากรรายการนี้
  คอมเมนท์: จิตเวช ศิริราช D..


 Copyright 2026. Bcnsprnw @Library